• 首页
  • 本馆介绍
  • 公告通知
  • 最新文献
  • 馆藏检索
  • 电子资源
  • 读者导购
  • 参考咨询
  • 我的图书馆
  • 登录
  • 详细信息显示
  • 放入我的书架
  • 预约/预借图书
  • 作者相关作品
  • 分类相关作品
  • 丛书相关作品
  • 出版社相关作品

书目信息

  • 表格格式
  • 工作单格式
  • 卡片格式
题名:
李群与李代数II:李群的离散子群,李群与李代数的上同调
    
 
作者: 奥尼契科 著
分册:  
出版信息: 北京   科学出版社  2009
页数: 223页
开本: 20cm
丛书名: 国外数学名著系列;62
单 册:
中图分类: O152.5
科图分类:
主题词: 代数 , 数论 , 组合数学
电子资源:
ISBN: 978-7-03-023505-3
000 00776nam0 2200229 450
001 1734993170
005 20170405094313.18
010    @a978-7-03-023505-3@b精装@d¥56.00
100    @a20170405d km y0chiy0120 ea
101 0  @achi
200 1  @a李群与李代数II:李群的离散子群,李群与李代数的上同调@Ali qun yu li dai shu II:li qun de li san zi qun,li qun yu li dai shu de shang tong tiao@f奥尼契科等著@Fao ni qi ke deng zhu
210    @a北京@c科学出版社@d2009
215    @a223页@d20cm
225 2  @a国外数学名著系列;62
410  0 @12001 @a国外数学名著系列;62
606 0  @a代数
606 0  @a数论
606 0  @a组合数学
690    @aO152.5@v4
701  0 @a奥尼契科@Aao ni qi ke@4著
801  0 @aCN@b大连网信软件有限公司图书馆·11@c20170405
905    @b6705440@dO152.5@eS370@f1
    
    李群与李代数II:李群的离散子群,李群与李代数的上同调/奥尼契科等著.-北京:科学出版社,2009
    223页;20cm.-(国外数学名著系列;62)
    
    
    ISBN 978-7-03-023505-3(精装):¥56.00
    
●
相关链接 在E读中查询图书 在五车中查询图书 在当当中查询图书 在豆瓣中查询图书


正题名:李群与李代数II:李群的离散子群,李群与李代数的上同调     索取号:O152.5/S370         预约/预借

序号 登录号 条形码 馆藏地/架位号 状态 备注
1 6705440   267054402   密集书库-数信学院/ [索取号:O152.5/S370] 在馆    
唐山师范学院图书馆 欢迎您!
大连网信软件有限公司© 版权所有